| 000 | 00920nam0a22002771 4500 | ||
|---|---|---|---|
| 001 | rc\3020911 | ||
| 005 | 20250806201402.0 | ||
| 035 | _a(NLR Aleph) 007162986 | ||
| 090 |
_a23466 _c23466 |
||
| 100 | _a20110927d1942 u y0rusy50 ca | ||
| 101 | 0 | _arus | |
| 102 | _aRU | ||
| 105 | _aa z ||||| | ||
| 200 | 1 |
_aМасляный насос МШ-5 _eОписание и инструкция по монтажу и уходу _fСост. М. Мягков _gПод ред. Н.И. Васильева |
|
| 210 |
_a[Москва] _cОборонгиз _d1942 |
||
| 215 |
_a23 с., 1 л. ил. _cил. _d22 см |
||
| 702 | 1 |
_aМягков _bМ. _4220 |
|
| 702 | 1 |
_aВасильев _bН.И. _4340 |
|
| 801 | 0 |
_aRU _bNLR _gpsbo |
|
| 801 | 1 |
_aRU _bELAR _2rusmarc |
|
| 852 |
_aNLR _j69-6/861 |
||
| 942 | _cBOOK | ||
| 945 | _aРоссийская национальная библиотека | ||
| 980 | _aNB | ||
| 980 | _aBV | ||